| 000 | 00712nam a2200217 a 4500 | ||
|---|---|---|---|
| 001 | 56854 | ||
| 003 | BD-RjUL | ||
| 005 | 20211209080437.0 | ||
| 008 | 161204s1991 ii 000 0 eng d | ||
| 035 | _a(BD-RjUL)56978 | ||
| 040 |
_aBD-RjUL _beng _cBD-RjUL _dBD-RjUL |
||
| 041 | _aeng | ||
| 082 |
_223 _a181.115 _bBOT 1991 |
||
| 100 | 1 |
_aBose, K. S. _9169034 |
|
| 245 | 1 | 2 |
_aA theory of religious thought : _bthe principles underlying forms of knowledge, behaviour and social relationship in traditional society / _cK.S. Bose |
| 260 |
_aNew Delhi : _bSterling Publishers, _cc1991 |
||
| 300 |
_aviii, 134 p. ; _c22 cm |
||
| 500 | _aIncludes indexes | ||
| 650 | 0 |
_aPhilosophy and religion _9124684 |
|
| 942 |
_2ddc _cBK |
||
| 999 |
_c56854 _d56854 |
||